Rhyming Words - Sudden Death - Statistics

General Stats
  • This quiz has been taken 794 times
    769 since last reset
  • The average score is 6 of 20
Answers on the Grid
Answers color-coded by a green-red scale on the quiz's grid according to % correct below.
Tonne
Throne
Dose
Lose
Loose
Mousse
Latte
Matte
Segue
League
Fugue
Pique
Krieg
Tough
Though
Rough
Plough
Cough
Hiccough
Steak
Seek
Gown
Grown
Pickup
Bather
Blather
Lather
Other
Bother
Brother
Does
Chat
Swat
Deport
Rapport
Buzz
 
Answer Stats
Answer % Correct
Loose
58%
Mousse
56%
Tough
52%
Rough
49%
Blather
36%
Lather
34%
Brother
33%
Other
33%
Throne
31%
Pique
24%
Matte
22%
Seek
22%
Grown
21%
League
20%
Chat
19%
Buzz
17%
Does
17%
Hiccough
17%
Krieg
15%
Pickup
15%
No matching quizzes found
Score Distribution
Percent of People with Each Score
Percentile by Number Answered
Your Score History
You have not taken this quiz since the last reset